Linear Network Analysis (Record no. 194978)
[ view plain ]
| 000 -LEADER | |
|---|---|
| fixed length control field | 00891 a2200169 4500 |
| 003 - CONTROL NUMBER IDENTIFIER | |
| control field | Nust |
| 005 - DATE AND TIME OF LATEST TRANSACTION | |
| control field | 20170207154213.0 |
| 040 ## - CATALOGING SOURCE | |
| Transcribing agency | Nust |
| 082 ## - DEWEY DECIMAL CLASSIFICATION NUMBER | |
| Classification number | 621.3192 |
| 100 ## - MAIN ENTRY--PERSONAL NAME | |
| Personal name | Sundaram Seshu, Norman Balabanian |
| 245 ## - TITLE STATEMENT | |
| Title | Linear Network Analysis |
| Statement of responsibility, etc. | Sundaram Seshu, Norman Balabanian |
| 260 ## - PUBLICATION, DISTRIBUTION, ETC. | |
| Place of publication, distribution, etc. | New York |
| Name of publisher, distributor, etc. | John Wiley |
| Date of publication, distribution, etc. | 1959 |
| 300 ## - PHYSICAL DESCRIPTION | |
| Extent | XIV, 571 |
| 505 ## - FORMATTED CONTENTS NOTE | |
| Formatted contents note | Fundamental Concepts (Page-1) Loop and Node Systems of Equations (Page-25) Matrix Algebra and Elementary Topology (Page-54) General Network Analysis (Page-77) Network Theorems and Steady-State Response (Page-153)Integral Solutions (Page-194) Representations of Network Functions (Page-227) Two-Port Networks (Page-291) Analytic Properties of Network Functions (Page-343) Feedback and Related Topics (Page-401) Image Parameters and Filter Theory (Page-153) |
| 538 ## - SYSTEM DETAILS NOTE | |
| System details note | Almirah 127, Shelf 4 |
| 650 ## - SUBJECT ADDED ENTRY--TOPICAL TERM | |
| Topical term or geographic name entry element | Linear Network Analysis |
| 942 ## - ADDED ENTRY ELEMENTS (KOHA) | |
| Source of classification or shelving scheme | |
| Koha item type | Book |
| Withdrawn status | Lost status | Source of classification or shelving scheme | Damaged status | Not for loan | Collection code | Permanent Location | Current Location | Date acquired | Total Checkouts | Full call number | Barcode | Date last seen | Price effective from | Koha item type |
|---|---|---|---|---|---|---|---|---|---|---|---|---|---|---|
| Military College of Signals (MCS) | Military College of Signals (MCS) | 12/12/2016 | 621.3192 SES | MCS17847 | 12/08/2016 | 12/12/2016 | Book |
